Prueba de Sri Lanka - Estadísticas

Estadísticas generales
  • Esta prueba ha sido intentada 1.074 veces
  • La puntuación promedio es 8 de 16
Estadísticas de respuestas
Pista Respuesta % Correcto
País del que Sri Lanka obtuvo su independencia en 1948 Reino Unido
81%
Animal en la bandera León
79%
El deporte más popular Críquet
75%
La religión más común Budismo
74%
Capital Sri Jayawardenapura Kotte
73%
La ciudad más poblada Colombo
70%
Significado de la palabra "Lanka" Isla
52%
Moneda de Sri Lanka Rupia
52%
Nombre colonial de Sri Lanka Ceilán
51%
Bahía al noreste de Sri Lanka Bahía de {Bengala}
47%
Producto de hoja que constituye el 7% de las exportaciones de Sri Lanka
41%
Idiomas oficiales Tamil
37%
En 2016, se certificó que Sri Lanka estaba libre de esta enfermedad Malaria
36%
Idiomas oficiales Cingalés
25%
La ciudad más grande de Sri Lanka central (Empieza con K) Kandy
17%
Cadena de islas y aguas poco profundas que conectan la India y Sri Lanka Puente de {Adán}
11%
No se encontraron pruebas coincidentes
Distribución de puntuación
Porcentaje de gente con cada puntuación
Porcentaje por número respondido
Historial de tus puntuaciones
No has intentado esta prueba.